ហង្សយន្ត / (Record no. 6464)
[ view plain ]
| 000 -LEADER | |
|---|---|
| fixed length control field | 04516nam a22002417a 4500 |
| 001 - CONTROL NUMBER | |
| control field | 6464 |
| 003 - CONTROL NUMBER IDENTIFIER | |
| control field | FISKH |
| 005 - DATE AND TIME OF LATEST TRANSACTION | |
| control field | 20250528091533.0 |
| 008 - FIXED-LENGTH DATA ELEMENTS--GENERAL INFORMATION | |
| fixed length control field | 250506b cb ||||| |||| 00| 0 eng d |
| 040 ## - CATALOGING SOURCE | |
| Original cataloging agency | FISKH |
| Language of cataloging | khr |
| Transcribing agency | FISKH |
| Modifying agency | FISKH |
| 050 ## - LIBRARY OF CONGRESS CALL NUMBER | |
| Classification number | PZ7 |
| 082 ## - DEWEY DECIMAL CLASSIFICATION NUMBER | |
| Classification number | 895.932102 |
| 100 ## - MAIN ENTRY--PERSONAL NAME | |
| Personal name | Uk |
| 245 ## - TITLE STATEMENT | |
| Title | ហង្សយន្ត / |
| Statement of responsibility, etc. | និពន្ធដោយ ចៅយមបុណ្យភ្តិ ឧក |
| 260 ## - PUBLICATION, DISTRIBUTION, ETC. | |
| Place of publication, distribution, etc. | ភ្នំពេញ : |
| Date of publication, distribution, etc. | ២០១២ . |
| 300 ## - PHYSICAL DESCRIPTION | |
| Extent | 52 pages : |
| Other physical details | illustrations ; |
| Dimensions | 21 cm . |
| 520 ## - SUMMARY, ETC. | |
| Summary, etc. | នៅសម័យបុរាណ មានព្រះបាទមួយអង្គឈ្មោះ អាទិទ្វង្សា ដែលបានគ្រប់គ្រងក្រុងទេវបុរៈ។ ទោះបីមានទ្រព្យសម្បត្តិសម្បូរនិងក្តីស្រឡាញ់ពីនារីជាច្រើនក្តី ព្រះអង្គនៅតែព្រួយចិត្តពីការខ្វះអ្នកស្នងរាជសម្បត្តិជាបុត្រា។ ដើម្បីដោះស្រាយបញ្ហានេះ ព្រះអង្គបានប្រជុំមន្ត្រីអភិបាល ដែលបានណែនាំឱ្យអនុវត្តពិធីបូជាសក្ការៈដ៏វិសេស to អំពាវនាវពរព្រះឲ្យមានកូនប្រុស។<br/><br/>ក្នុងពេលបូជាភូមិ ព្រះអង្គបានឃើញអង្គអាទិទេពមួយឈ្មោះ ចៅព្រហ្មតត បង្ហាញខ្លួនហើយបានណែនាំឲ្យទៅព្រៃបារណស័យ។ នៅទីនោះ ព្រះអង្គបានឃើញទារកម្នាក់ដែលត្រូវបានបោះបង់។ ព្រះអង្គបានយកទារកនោះមកអាណាព្យាបាល ហើយដាក់ឈ្មោះថា ចៅគ្រឹស្នគுமារា ហើយចិញ្ចឹមដូចជាបុត្រពិត។<br/><br/>នៅពេលចៅគ្រឹស្នគுமារា ពេញវ័យគាត់បានល្បីលឺថាខាងប្រាជ្ញា និងសមត្ថភាពយុទ្ធសាស្ត្រ។ ថ្ងៃមួយ គាត់បានជួបនារីស្រស់ស្អាតម្នាក់ឈ្មោះ បុតូមាគេសារ ដែលបានបែកចេញពីកូនរបស់នាង។ ពួកគេបានបង្កើតទំនាក់ទំនងដ៏ជ្រាលជ្រៅ ហើយបន្ទាប់ពីការធ្វើតេស្តនានា ពួកគេបានជួបជុំជាមួយកូនរបស់នាងវិញ។<br/><br/>រឿងនេះបានបញ្ចប់ដោយពិធីសម្ពោធដ៏អធិកអធម នៅពេលចៅគ្រឹស្នគுமារាត្រូវបានគេចល័តជាសម្តេចក្សត្រនៃក្រុងបារណស័យ ដោយមានបុតូមាគេសារជាគូជីវិត។ ការរួមគ្នានេះគឺជាសញ្ញាបង្ហាញពីជ័យជំនះនៃគុណធម៌ និងការសម្រេចនៃព្រះបំណងវិសុទ្ធ។ |
| 520 ## - SUMMARY, ETC. | |
| Summary, etc. | During the ritual, a divine figure known as Chao Brahmatat appeared and guided the king to the Baranasai forest, where he found an abandoned infant. The king adopted the child, naming him Chao Krisna Kumara, and raised him as his own son.<br/><br/>As Chao Krisna Kumara grew, he became renowned for his wisdom and martial prowess. One day, he encountered Butomakesar, a beautiful woman who had been separated from her child. The two formed a deep bond, and after a series of trials, they were reunited with her child.<br/><br/>The story culminates in a grand ceremony where Chao Krisna Kumara is crowned as the ruler of Baranasai, with Butomakesar by his side. Their union symbolizes the triumph of virtue and the fulfillment of divine will. |
| 650 ## - SUBJECT ADDED ENTRY--TOPICAL TERM | |
| Topical term or geographic name entry element | ហង្សយន្ត |
| Form subdivision | អក្សរសិល្ប៍ខ្មែរបូរាណ |
| 650 ## - SUBJECT ADDED ENTRY--TOPICAL TERM | |
| Topical term or geographic name entry element | Hang yun |
| Form subdivision | Khmer literature |
| 942 ## - ADDED ENTRY ELEMENTS (KOHA) | |
| Source of classification or shelving scheme | Dewey Decimal Classification |
| Koha item type | Khmer Books |
| Suppress in OPAC | No |
| Withdrawn status | Lost status | Source of classification or shelving scheme | Damaged status | Not for loan | Collection | Home library | Current library | Shelving location | Date acquired | Total Checkouts | Full call number | Barcode | Date last seen | Copy number | Price effective from | Koha item type |
|---|---|---|---|---|---|---|---|---|---|---|---|---|---|---|---|---|
| Dewey Decimal Classification | Khmer Language Books / សៀវភៅភាសាខ្មែរ | Footprints International School Library Network Toul Tom Poung Campus | Footprints International School Library Network Toul Tom Poung Campus | TTP Secondary Khmer Bookshelves | 05/06/2025 | Uk PZ7 895.932102 | FIS05201 | 05/06/2025 | 1 | 05/06/2025 | Khmer Books | |||||
| Dewey Decimal Classification | Khmer Language Books / សៀវភៅភាសាខ្មែរ | Footprints International School Library Network Toul Tom Poung Campus | Footprints International School Library Network Toul Tom Poung Campus | TTP Primary Khmer Bookshelves | 05/06/2025 | Uk PZ7 895.932102 | FISSE01658 | 05/06/2025 | 2 | 05/06/2025 | Khmer Books | |||||
| Dewey Decimal Classification | Khmer Language Books / សៀវភៅភាសាខ្មែរ | Footprints International School Library Network Toul Tom Poung Campus | Footprints International School Library Network Toul Tom Poung Campus | TTP Secondary Khmer Bookshelves | 05/06/2025 | Uk PZ7 895.932102 | FISSE01650 | 05/06/2025 | 3 | 05/06/2025 | Khmer Books |
